000 00575nam a2200217Ia 4500
001 18978
003 GE_BSU
008 181216s||||||||xx |||||||||||||| ||und||
040 _cGE_BSU
245 _aГенетика,Том 52,№3.2016.
245 _cГл.ред.С.В.Шестаков и др.
250 _aЕжемесячный журнал
260 _aМосква
260 _bНаука
260 _c2016
300 _a388стр,29см
653 _aГенетика
653 _aПериодика
653 _aპერიოდიკა
942 _cCR
999 _c51975
_d51975